[Event "September Lviv Tradition 2019"]
[Site "Lviv"]
[Date "2019.09.23"]
[Round "1.1"]
[White "Rydstrom, Tom"]
[Black "Goikhman, Valentin"]
[Result "0-1"]
[WhiteElo "2322"]
[BlackElo "2295"]
[Annotator "TA"]
[PlyCount "49"]
[EventDate "2019.09.23"]
[EventCountry "UKR"]
[SourceTitle "playchess.com"]
[Source "ChessBase"]
[SourceQuality "1"]

{[%evp 12,49,25,-44,-29,-48,-45,-51,-42,-41,-41,-42,-39,-45,-45,-41,-19,-35,-38,-27,-19,-27,0,-6,8,1,9,-19,0,-12,-26,-6,0,-47,-51,-227,-190,-540,-536,-660]} 1. e4 c5 2. Nf3 d6 3. d4 cxd4 4. Nxd4 Nf6 5. Nc3 a6 6. Be2 e5 7. Nf5 ({Better is} 7. Nb3 $11) 7... d5 $1 $15 {B92: Sicilian Najdorf: 6 Be2} 8. Bg5 d4 9. Bxf6 $1 Qxf6 {Black is slightly better.} 10. Nd5 Qd8 11. Bc4 Nc6 (11... g6 12. Nxd4 Bg7 13. Nb3 O-O 14. O-O Nc6 15. a4 {1-0 (28) Dubov,D (2614)-Grischuk,A (2789) Moscow 2014}) 12. O-O g6 13. Ng3 Bg7 14. c3 $146 ({Predecessor:} 14. a3 O-O 15. f4 exf4 16. Nxf4 {0-1 (27) Rosell,T-Ringel,Z Malmo 1998}) 14... O-O 15. cxd4 exd4 16. Rc1 Ne5 17. Bb3 Be6 18. Ne2 Nc6 19. h3 Rc8 20. Qd2 Kh8 21. Nef4 Qg5 22. Kh1 Bh6 {[#] aiming for ...Bxd5.} 23. Qd3 $2 (23. Qe2 $15) 23... Bxd5 24. Nxd5 $2 (24. exd5 {nothing else works.} Ne5 25. Rxc8 Nxd3 26. Rxf8+ Bxf8 27. Nxd3) 24... Ne5 $19 25. Qd1 {Accuracy: White = 41%, Black = 64%.} 0-1

[Event "September Lviv Tradition 2019"]
[Site "Lviv"]
[Date "2019.09.23"]
[Round "1.2"]
[White "Cherniaiev, Tykhon"]
[Black "Gavrish, Leonid"]
[Result "1-0"]
[WhiteElo "2112"]
[BlackElo "2022"]
[Annotator "NA"]
[PlyCount "97"]
[EventDate "2019.09.23"]
[EventCountry "UKR"]
[SourceTitle "playchess.com"]
[Source "ChessBase"]
[SourceQuality "1"]
[TimeControl "5400+30"]

1. Nf3 {[%emt 0:00:00]} Nf6 {[%emt 0:00:00]} 2. g3 {[%emt 0:00:11]} g6 {[%emt 0:00:00]} 3. Bg2 {[%emt 0:00:26]} Bg7 {[%emt 0:00:00]} 4. c4 {[%emt 0:00:05]} c5 {[%emt 0:00:00]} 5. O-O {[%emt 0:00:09]} O-O {[%emt 0:00:03]} 6. d4 {[%emt 0:00:05]} cxd4 {[%emt 0:00:06]} 7. Qxd4 {[%emt 0:00:05]} Nc6 {[%emt 0:03:50]} 8. Qh4 {[%emt 0:00:07]} d6 {[%emt 0:01:08]} 9. Nc3 {[%emt 0:01:29]} Qa5 {[%emt 0:07:04]} 10. Nd5 {[%emt 0:18:18]} Be6 {[%emt 0:08:56]} 11. Bd2 {[%emt 0:01:49]} Qd8 {[%emt 0:00:22]} 12. Ng5 {[%emt 0:05:25]} Bxd5 {[%emt 0:02:21]} 13. cxd5 {[%emt 0:08:58]} Ne5 {[%emt 0:01:38]} 14. Qb4 {[%emt 0:01:43]} h6 {[%emt 0:11:22]} 15. Nh3 {[%emt 0:02:27]} Qd7 {[%emt 0:04:46]} 16. Nf4 {[%emt 0:01:25]} a5 {[%emt 0:05:03]} 17. Qb3 {[%emt 0:05:49]} b5 {[%emt 0:02:36]} 18. Bc3 {[%emt 0:06:05]} a4 {[%emt 0:08:23]} 19. Qd1 {[%emt 0:01:17]} Nc4 {[%emt 0:03:49]} 20. b3 {[%emt 0:00:33]} Nb6 {[%emt 0:06:16]} 21. Bd4 {[%emt 0:04:24]} Qb7 {[%emt 0:02:36]} 22. e4 {[%emt 0:00:59]} Nfd7 {[%emt 0:07:08]} 23. Bxg7 {[%emt 0:00:55]} Kxg7 {[%emt 0:00:07]} 24. Qd4+ {[%emt 0:00:15]} Kh7 {[%emt 0:03:56]} 25. Nd3 {[%emt 0:00:31]} axb3 {[%emt 0:03:17]} 26. axb3 {[%emt 0:00:09]} Rxa1 {[%emt 0:02:27]} 27. Rxa1 {[%emt 0:00:42]} Ra8 {[%emt 0:00:16]} 28. Rd1 {[%emt 0:03:42]} Qa7 {[%emt 0:05:48]} 29. e5 {[%emt 0:06:53]} Nxe5 {[%emt 0:03:06]} 30. Nxe5 {[%emt 0:00:12]} dxe5 {[%emt 0:00:05]} 31. Qxe5 {[%emt 0:00:48]} Rd8 {[%emt 0:01:21]} 32. Rc1 {[%emt 0:01:18]} Rd6 {[%emt 0:03:09]} 33. h4 {[%emt 0:04:04]} Qd7 {[%emt 0:01:33]} 34. Rc5 {[%emt 0:00:49]} f6 {[%emt 0:02:24]} 35. Qd4 {[%emt 0:00:44]} e5 {[%emt 0:01:02]} 36. dxe6 {[%emt 0:00:32]} Qxe6 {[%emt 0:01:06]} 37. Qb4 {[%emt 0:00:43]} Rd1+ {[%emt 0:00:37]} 38. Kh2 {[%emt 0:00:07]} h5 {[%emt 0:00:48]} 39. Qxb5 {[%emt 0:00:53]} Nd7 {[%emt 0:00:21]} 40. Rxh5+ {[%emt 0:00:08]} Kg7 {[%emt 0:00:26]} 41. Rd5 {[%emt 0:00:26]} Rxd5 {[%emt 0:00:33]} 42. Qxd5 {[%emt 0:00:15]} Qe7 {[%emt 0:00:11]} 43. Qb7 {[%emt 0:00:08]} Kh6 {[%emt 0:00:19]} 44. Bc6 {[%emt 0:00:15]} Qc5 {[%emt 0:00:58]} 45. Qxd7 {[%emt 0:00:11]} Qxf2+ {[%emt 0:00:06]} 46. Bg2 {[%emt 0:00:05]} Qb2 {[%emt 0:00:12]} 47. Qd3 {[%emt 0:00:27]} f5 {[%emt 0:00:14]} 48. Qc4 {[%emt 0:00:12]} Kh5 {[%emt 0:01:02]} 49. Qf4 {[%emt 0:00:09]} 1-0

[Event "September Lviv Tradition 2019"]
[Site "Lviv"]
[Date "2019.09.23"]
[Round "1.3"]
[White "Vakulenko, Oleksandr"]
[Black "Prydun, Andriy"]
[Result "1-0"]
[WhiteElo "2167"]
[BlackElo "2273"]
[Annotator "NA"]
[PlyCount "49"]
[EventDate "2019.09.23"]
[EventCountry "UKR"]
[SourceTitle "playchess.com"]
[Source "ChessBase"]
[SourceQuality "1"]
[TimeControl "5400+30"]

1. d4 {[%emt 0:00:00]} c5 {[%emt 0:00:07]} 2. d5 {[%emt 0:00:00]} Nf6 {[%emt 0:00:10]} 3. c4 {[%emt 0:00:00]} e6 {[%emt 0:00:06]} 4. Nc3 {[%emt 0:00:05]} exd5 {[%emt 0:00:12]} 5. cxd5 {[%emt 0:00:06]} d6 {[%emt 0:00:07]} 6. e4 {[%emt 0:00:07]} g6 {[%emt 0:00:09]} 7. f4 {[%emt 0:00:17]} Bg7 {[%emt 0:01:27]} 8. Bb5+ {[%emt 0:00:16]} Nfd7 {[%emt 0:01:55]} 9. a4 {[%emt 0:00:19]} O-O {[%emt 0:03:57]} 10. Nf3 {[%emt 0:01:22]} Nf6 {[%emt 0:10:13]} 11. O-O {[%emt 0:03:43]} Nbd7 {[%emt 0:21:45]} 12. Re1 {[%emt 0:15:19]} a6 {[%emt 0:09:55]} 13. Bf1 {[%emt 0:15:22]} Re8 {[%emt 0:10:57]} 14. e5 {[%emt 0:09:05]} dxe5 {[%emt 0:06:57]} 15. fxe5 {[%emt 0:04:36]} Ng4 {[%emt 0:00:12]} 16. e6 {[%emt 0:01:25]} fxe6 {[%emt 0:07:45]} 17. dxe6 {[%emt 0:02:11]} Nde5 {[%emt 0:01:15]} 18. Qxd8 {[%emt 0:13:09]} Rxd8 {[%emt 0:00:01]} 19. e7 {[%emt 0:03:28]} Re8 {[%emt 0:00:00]} 20. Nd5 {[%emt 0:00:31]} Bd7 {[%emt 0:19:08]} 21. Bf4 {[%emt 0:21:56]} Bc6 {[%emt 0:00:17]} 22. Rad1 {[%emt 0:03:28]} Bxa4 {[%emt 0:03:50]} 23. Rd2 {[%emt 0:01:17]} Nc6 24. Nc7 Bb3 25. Bc4+ 1-0

[Event "September Lviv Tradition 2019"]
[Site "Lviv"]
[Date "2019.09.23"]
[Round "1.4"]
[White "Frolov, Artur"]
[Black "Siniauski, Artsiom"]
[Result "1/2-1/2"]
[WhiteElo "2425"]
[BlackElo "2233"]
[Annotator "TA"]
[PlyCount "86"]
[EventDate "2019.09.23"]
[EventCountry "UKR"]
[SourceTitle "playchess.com"]
[Source "ChessBase"]
[SourceQuality "1"]

{[%evp 13,86,-16,-3,-29,-27,-54,-54,-49,2,0,0,-7,0,0,0,0,-19,-32,-22,-308,-306,-291,-300,-298,-305,-280,-293,-274,-266,-673,-656,-1070,-1070,-917,-729,-778,-779,-774,-747,-702,-699,-718,12,12,29,26,25,29,29,18,494,552,453,218,246,243,226,83,109,0,0,0,0,0,0,0,0,0,0,0,0,0,0,0,0]} 1. d4 Nf6 2. c4 e6 3. Nf3 b6 4. Nc3 Bb4 5. Qb3 c5 6. a3 Ba5 7. e3 O-O 8. Be2 {E21: Nimzo-Indian: 4 Nf3} (8. Bd2 d5 9. O-O-O Nc6 10. cxd5 exd5 11. Qa4 Ne7 12. b4 c4 13. Ne5 Bf5 14. f3 h5 15. h3 Bh7 {0-1 (40) Pakleza,Z (2480)-Gajewski,G (2634) Poland 2017}) 8... Ne4 9. O-O Bxc3 $1 10. bxc3 {Black is slightly better.} Bb7 ({Black should try} 10... Ba6 $15) 11. d5 f5 $146 ({Predecessor:} 11... Qf6 12. Bb2 Qf5 13. Rad1 Kh8 14. Ne1 Nf6 15. f3 exd5 16. cxd5 Bxd5 {1-0 (61) Berends,H (1853)-Sprotofski,H (1306) LSS email 2014}) 12. a4 Qf6 13. Ra3 d6 14. Nd2 Nd7 15. Nxe4 fxe4 16. Bg4 $2 {[%mdl 8192]} (16. a5 $11 {and White stays safe.}) 16... Ne5 $19 17. Bxe6+ Kh8 18. a5 Ba6 19. Ra4 bxa5 20. Qa2 Rab8 21. f4 $2 (21. Kh1) 21... exf3 22. gxf3 Nxf3+ {[%mdl 64] Discovered Attack} 23. Kh1 Qxc3 24. Qe2 Rb1 25. Kg2 Nh4+ 26. Kh3 Rxf1 27. Qxf1 {[%cal Rf1f8]} Qf6 $2 ({Black should play} 27... Ng6 $1 $19 28. Ra3 Qxc1 29. Qxc1 Rxc1 30. Rxa5 Bxc4 31. Rxa7 h5) 28. Qxf6 $11 gxf6 29. Kxh4 {And now Bd2 would win.} Rxc1 30. Rxa5 Bxc4 {Strongly threatening ...a6.} 31. Rxa7 {[%mdl 4096] Endgame KRB-KRB} Rb1 $2 {[%mdl 8192]} (31... Rd1 $11) 32. Kh5 $1 $18 {[%cal Rh5h6] Intending Kh6 and mate.} Rb8 33. e4 (33. Kh6 $142 {[%csl Gh6][%cal Ra7h7]} Bd3 34. Rd7) 33... Bd3 34. Bf5 Kg8 {[#]} 35. Bxh7+ (35. Kh6 $1 $18) 35... Kf8 $16 {[#]} 36. Bf5 (36. Kh6 $1 $16) 36... Re8 $11 {The position is equal.} 37. Kg6 Bxe4 38. Bxe4 Rxe4 39. Kxf6 {KR-KR} Ke8 40. Rh7 c4 41. h4 c3 {Threatens to win with ...Kd8.} 42. Rc7 Rxh4 43. Rxc3 Kd7 {Accuracy: White = 45%, Black = 51%.} 1/2-1/2

[Event "September Lviv Tradition 2019"]
[Site "Lviv"]
[Date "2019.09.23"]
[Round "1.5"]
[White "Nester, Ihor"]
[Black "Sevostianov, Pavel"]
[Result "1/2-1/2"]
[WhiteElo "2383"]
[BlackElo "2260"]
[Annotator "TA"]
[PlyCount "74"]
[EventDate "2019.09.23"]
[EventCountry "UKR"]
[SourceTitle "playchess.com"]
[Source "ChessBase"]
[SourceQuality "1"]

{[%evp 12,74,0,-2,31,22,16,14,6,0,0,0,0,0,0,0,0,0,0,0,0,0,0,-48,-38,-22,-12,-33,-38,-52,-41,-40,-54,-48,-33,-54,-50,-39,-36,-33,-40,-40,-33,-33,-33,-33,-33,-33,-40,-33,-38,-45,-46,-33,-33,-33,-33,-33,-33,-42,-40,-51,-57,-66,-39]} 1. d4 Nf6 2. c4 e6 3. g3 d5 4. Bg2 Bb4+ 5. Bd2 Be7 6. Nf3 O-O 7. O-O dxc4 {E11: Bogo-Indian} (7... Nbd7 8. Qc2 c6 9. Rc1 a5 10. a3 h6 11. e3 Re8 12. b3 a4 13. b4 Ne4 14. c5 Bf6 15. Nc3 e5 16. Nxe4 dxe4 17. Nxe5 Nxe5 18. dxe5 Bxe5 {½-½ (70) Ding,L (2811)-Alekseenko,K (2671) Khanty-Mansiysk 2019}) 8. Qc2 b5 9. a4 {next Ne5 is good for White.} b4 {The position is equal.} 10. Ne5 Qxd4 11. Bxa8 Qxe5 12. Bf4 Qh5 13. Bf3 Ng4 $1 14. Bxg4 $1 Qxg4 15. Nd2 {[#]} e5 $146 16. Bxe5 Nc6 17. Bxc7 Ba6 {aiming for ...Rc8.} 18. Nf3 Bf6 19. Rab1 Re8 {Black is slightly better.} 20. Bf4 b3 21. Qd1 $1 c3 22. bxc3 Bxe2 {[%mdl 64] [#] Double Attack} 23. Re1 Qxf3 24. Rb2 {[%cal Rb2e2]} g5 ({Inferior is} 24... Bxd1 25. Rxe8#) 25. Rbxe2 Rxe2 26. Rxe2 Kg7 $1 27. Be3 $1 Ne5 {[#] Threatens to win with ...b2!} 28. Bd4 {Qd2 is the strong threat.} ({Avoid the trap} 28. Bxa7 $2 b2 $19) 28... b2 29. Re1 Qxd1 30. Rxd1 $15 {[%mdl 4096] Endgame And now Bxe5 would win. KRB-KBN} Nf3+ 31. Kg2 Nd2 $1 {White must now prevent ...Bxd4.} 32. Bxa7 b1=Q 33. Rxb1 Nxb1 34. a5 Nxc3 35. a6 Nd5 {Strongly threatening ...Nb4.} 36. Be3 Nc7 37. a7 Be7 {Accuracy: White = 82%, Black = 98%.} 1/2-1/2

[Event "September Lviv Tradition 2019"]
[Site "Lviv"]
[Date "2019.09.24"]
[Round "2.1"]
[White "Goikhman, Valentin"]
[Black "Sevostianov, Pavel"]
[Result "1-0"]
[WhiteElo "2295"]
[BlackElo "2260"]
[Annotator "NA"]
[PlyCount "85"]
[EventDate "2019.09.23"]
[EventCountry "UKR"]
[SourceTitle "playchess.com"]
[Source "ChessBase"]
[SourceQuality "1"]
[TimeControl "5400+30"]

1. d4 {[%emt 0:00:00]} Nf6 {[%emt 0:00:29]} 2. c4 {[%emt 0:00:00]} e6 {[%emt 0:00:57]} 3. Nf3 {[%emt 0:00:31]} Bb4+ {[%emt 0:03:19]} 4. Nc3 {[%emt 0:04:28]} Ne4 {[%emt 0:01:54]} 5. Qb3 {[%emt 0:07:03]} Bxc3+ {[%emt 0:06:11]} 6. bxc3 {[%emt 0:00:11]} O-O {[%emt 0:00:54]} 7. e3 {[%emt 0:13:25]} b6 {[%emt 0:00:47]} 8. Bd3 {[%emt 0:01:27]} f5 {[%emt 0:03:54]} 9. O-O {[%emt 0:03:02]} Bb7 {[%emt 0:04:25]} 10. Ne1 {[%emt 0:12:40]} Nc6 {[%emt 0:01:54]} 11. f3 {[%emt 0:05:19]} Na5 {[%emt 0:01:12]} 12. Qb1 {[%emt 0:05:29]} Nf6 {[%emt 0:02:08]} 13. c5 {[%emt 0:05:05]} Rb8 {[%emt 0:08:41]} 14. cxb6 {[%emt 0:00:48]} axb6 {[%emt 0:00:10]} 15. c4 {[%emt 0:10:45]} Ba6 {[%emt 0:02:51]} 16. Qc2 {[%emt 0:02:16]} d6 {[%emt 0:08:47]} 17. Bd2 {[%emt 0:03:32]} Qd7 {[%emt 0:00:15]} 18. Rd1 {[%emt 0:12:10]} Qc6 {[%emt 0:00:59]} 19. Rc1 {[%emt 0:00:16]} Ra8 {[%emt 0:03:50]} 20. Rf2 {[%emt 0:05:52]} h6 {[%emt 0:01:29]} 21. h3 {[%emt 0:02:40]} Bb7 {[%emt 0:06:00]} 22. Bb4 {[%emt 0:01:37]} Qe8 {[%emt 0:02:13]} 23. Bf1 {[%emt 0:02:11]} Nc6 {[%emt 0:03:05]} 24. Bc3 {[%emt 0:00:20]} Ne7 {[%emt 0:00:58]} 25. Nd3 {[%emt 0:00:35]} Ng6 {[%emt 0:00:51]} 26. Nf4 {[%emt 0:00:42]} Nh4 {[%emt 0:00:17]} 27. d5 {[%emt 0:00:11]} exd5 {[%emt 0:01:07]} 28. Bxf6 Rxf6 {[%emt 0:00:19]} 29. cxd5 {[%emt 0:01:19]} Qxe3 {[%emt 0:03:40]} 30. Qd2 {[%emt 0:00:08]} Qxd2 {[%emt 0:05:02]} 31. Rxd2 {[%emt 0:00:38]} Rf7 {[%emt 0:00:28]} 32. Ne6 {[%emt 0:00:43]} Rc8 {[%emt 0:03:16]} 33. Rdc2 {[%emt 0:00:35]} Bxd5 {[%emt 0:04:13]} 34. Nf4 {[%emt 0:00:17]} Bb7 {[%emt 0:08:50]} 35. Bc4 {[%emt 0:00:09]} c6 {[%emt 0:00:06]} 36. Bxf7+ {[%emt 0:00:59]} Kxf7 {[%emt 0:00:02]} 37. Nd5 {[%emt 0:00:34]} b5 {[%emt 0:00:32]} 38. Nb6 {[%emt 0:00:29]} Re8 {[%emt 0:03:51]} 39. Rd2 {[%emt 0:00:19]} Re6 {[%emt 0:00:49]} 40. a4 {[%emt 0:00:19]} bxa4 {[%emt 0:00:37]} 41. Rc4 {[%emt 0:00:22]} c5 {[%emt 0:01:02]} 42. Rxh4 {[%emt 0:00:16]} Bc6 {[%emt 0:01:44]} 43. Rc4 1-0

[Event "September Lviv Tradition 2019"]
[Site "Lviv"]
[Date "2019.09.24"]
[Round "2.2"]
[White "Siniauski, Artsiom"]
[Black "Nester, Ihor"]
[Result "1/2-1/2"]
[WhiteElo "2233"]
[BlackElo "2383"]
[Annotator "NA"]
[PlyCount "62"]
[EventDate "2019.09.23"]
[EventCountry "UKR"]
[SourceTitle "playchess.com"]
[Source "ChessBase"]
[SourceQuality "1"]
[TimeControl "5400+30"]

1. e4 {[%emt 0:00:00]} e5 {[%emt 0:00:00]} 2. Nf3 {[%emt 0:00:00]} Nc6 {[%emt 0:00:00]} 3. Bb5 {[%emt 0:00:00]} a6 {[%emt 0:00:00]} 4. Ba4 {[%emt 0:00:00]} Nf6 {[%emt 0:00:00]} 5. O-O {[%emt 0:00:02]} Be7 {[%emt 0:00:00]} 6. Re1 {[%emt 0:00:07]} b5 {[%emt 0:00:00]} 7. Bb3 {[%emt 0:00:05]} d6 {[%emt 0:00:00]} 8. c3 {[%emt 0:00:09]} O-O {[%emt 0:00:00]} 9. h3 {[%emt 0:00:05]} Nb8 {[%emt 0:00:01]} 10. d4 {[%emt 0:00:10]} Nbd7 {[%emt 0:00:03]} 11. Nbd2 {[%emt 0:00:17]} Bb7 {[%emt 0:00:04]} 12. Bc2 {[%emt 0:00:31]} Re8 {[%emt 0:00:13]} 13. a4 {[%emt 0:00:16]} c5 {[%emt 0:00:03]} 14. b3 {[%emt 0:03:15]} cxd4 {[%emt 0:06:03]} 15. cxd4 {[%emt 0:00:17]} Bf8 $14 {[%emt 0:00:28]} 16. d5 {[%emt 0:03:39]} g6 {[%emt 0:14:08]} 17. axb5 {[%emt 0:13:05]} axb5 {[%emt 0:00:08]} 18. Rxa8 {[%emt 0:00:09]} Qxa8 {[%emt 0:00:05]} 19. b4 {[%emt 0:00:08]} Nb6 {[%emt 0:03:55]} 20. Qe2 {[%emt 0:06:12]} Ba6 {[%emt 0:00:34]} 21. Bd3 {[%emt 0:02:10]} Na4 {[%emt 0:06:46]} 22. Nb3 {[%emt 0:01:56]} Qb8 {[%emt 0:08:52]} 23. Na5 {[%emt 0:03:16]} Bg7 {[%emt 0:02:59]} 24. Bg5 {[%emt 0:16:55]} h6 {[%emt 0:09:31]} 25. Bxf6 {[%emt 0:01:45]} Bxf6 {[%emt 0:00:02]} 26. Rc1 {[%emt 0:00:18]} Rc8 {[%emt 0:05:25]} 27. Qd2 {[%emt 0:02:16]} Kg7 {[%emt 0:02:05]} 28. Rc2 {[%emt 0:01:16]} Rxc2 {[%emt 0:10:48]} 29. Qxc2 {[%emt 0:00:21]} Qb6 {[%emt 0:01:08]} 30. Nc6 {[%emt 0:08:42]} Qc7 {[%emt 0:05:37]} 31. Qe2 {[%emt 0:06:15]} Qb6 {[%emt 0:00:57]} 1/2-1/2

[Event "September Lviv Tradition 2019"]
[Site "Lviv"]
[Date "2019.09.24"]
[Round "2.3"]
[White "Prydun, Andriy"]
[Black "Frolov, Artur"]
[Result "0-1"]
[WhiteElo "2273"]
[BlackElo "2425"]
[Annotator "NA"]
[PlyCount "66"]
[EventDate "2019.09.23"]
[EventCountry "UKR"]
[SourceTitle "playchess.com"]
[Source "ChessBase"]
[SourceQuality "1"]
[TimeControl "5400+30"]

1. d4 {[%emt 0:02:55]} Nf6 {[%emt 0:00:00]} 2. Nf3 {[%emt 0:00:30]} d5 {[%emt 0:00:04]} 3. c3 {[%emt 0:00:13]} g6 {[%emt 0:01:00]} 4. Bg5 {[%emt 0:00:07]} Bg7 {[%emt 0:00:03]} 5. e3 {[%emt 0:00:26]} Ne4 {[%emt 0:02:29]} 6. Bf4 {[%emt 0:00:37]} c5 {[%emt 0:02:37]} 7. Nbd2 {[%emt 0:00:37]} Nxd2 {[%emt 0:08:34]} 8. Qxd2 {[%emt 0:00:12]} cxd4 {[%emt 0:00:05]} 9. exd4 {[%emt 0:02:48]} Nc6 {[%emt 0:00:03]} 10. Bb5 {[%emt 0:03:53]} Qb6 $14 {[%emt 0:04:16]} 11. Bxc6+ {[%emt 0:06:13]} bxc6 {[%emt 0:03:34]} 12. O-O {[%emt 0:02:38]} O-O {[%emt 0:12:12]} 13. Rfe1 {[%emt 0:06:03]} Re8 {[%emt 0:03:08]} 14. Re3 {[%emt 0:23:45]} c5 {[%emt 0:04:50]} 15. Rae1 {[%emt 0:00:45]} e6 {[%emt 0:01:10]} 16. h4 {[%emt 0:14:49]} h5 {[%emt 0:11:17]} 17. Ne5 {[%emt 0:05:44]} a5 {[%emt 0:06:02]} 18. Rg3 {[%emt 0:01:14]} cxd4 {[%emt 0:01:35]} 19. cxd4 {[%emt 0:01:01]} Qb4 {[%emt 0:02:25]} 20. Qd1 {[%emt 0:02:04]} Qxb2 {[%emt 0:06:27]} 21. Nxf7 {[%emt 0:19:58]} Rf8 {[%emt 0:16:32]} 22. Nh6+ {[%emt 0:02:01]} Kh7 {[%emt 0:00:05]} 23. Qd3 {[%emt 0:00:47]} Rf6 {[%emt 0:00:20]} 24. Rxg6 {[%emt 0:02:06]} Rxg6 {[%emt 0:01:17]} 25. Nf7 {[%emt 0:00:01]} Bxd4 {[%emt 0:01:28]} 26. Re2 {[%emt 0:01:00]} Qa1+ {[%emt 0:08:01]} 27. Kh2 Ba6 28. Ng5+ {[%emt 0:00:41]} Kg7 {[%emt 0:00:06]} 29. Nxe6+ {[%emt 0:00:51]} Rxe6 {[%emt 0:00:29]} 30. Qf5 {[%emt 0:00:29]} Rxe2 {[%emt 0:02:38]} 31. Qg5+ {[%emt 0:00:02]} Kf8 {[%emt 0:00:45]} 32. Qf5+ {[%emt 0:00:13]} Bf6 {[%emt 0:00:44]} 33. Bh6+ {[%emt 0:00:51]} Ke7 {[%emt 0:00:32]} 0-1

[Event "September Lviv Tradition 2019"]
[Site "Lviv"]
[Date "2019.09.24"]
[Round "2.4"]
[White "Gavrish, Leonid"]
[Black "Vakulenko, Oleksandr"]
[Result "0-1"]
[WhiteElo "2022"]
[BlackElo "2167"]
[Annotator "NA"]
[PlyCount "66"]
[EventDate "2019.09.23"]
[EventCountry "UKR"]
[SourceTitle "playchess.com"]
[Source "ChessBase"]
[SourceQuality "1"]
[TimeControl "5400+30"]

1. d4 {[%emt 0:00:00]} d5 {[%emt 0:00:00]} 2. c4 {[%emt 0:00:00]} e6 {[%emt 0:00:00]} 3. Nc3 {[%emt 0:00:00]} c6 {[%emt 0:00:00]} 4. e4 {[%emt 0:00:00]} dxe4 {[%emt 0:01:27]} 5. Nxe4 {[%emt 0:00:01]} Bb4+ {[%emt 0:00:10]} 6. Bd2 {[%emt 0:00:05]} Qxd4 {[%emt 0:00:14]} 7. Bxb4 {[%emt 0:00:07]} Qxe4+ {[%emt 0:00:06]} 8. Be2 {[%emt 0:00:08]} c5 {[%emt 0:01:54]} 9. Bxc5 {[%emt 0:00:36]} Qxg2 {[%emt 0:00:11]} 10. Qd6 {[%emt 0:08:44]} Nd7 {[%emt 0:02:41]} 11. Bf3 {[%emt 0:02:11]} Qg5 {[%emt 0:00:20]} 12. Bd4 {[%emt 0:01:19]} e5 {[%emt 0:10:36]} 13. Bc3 {[%emt 0:02:36]} Ne7 {[%emt 0:02:29]} 14. Ne2 {[%emt 0:06:50]} Nf5 {[%emt 0:25:23]} 15. Qc7 {[%emt 0:15:04]} O-O {[%emt 0:06:15]} 16. Rd1 {[%emt 0:09:42]} Nh4 {[%emt 0:05:01]} 17. Be4 {[%emt 0:07:22]} Qe7 {[%emt 0:25:44]} 18. Bxb7 {[%emt 0:19:40]} Bxb7 {[%emt 0:00:50]} 19. Qxb7 {[%emt 0:05:14]} Rfd8 {[%emt 0:05:12]} 20. Ba5 {[%emt 0:03:03]} e4 {[%emt 0:05:02]} 21. Bxd8 {[%emt 0:03:45]} Rxd8 {[%emt 0:00:05]} 22. Ng3 {[%emt 0:06:02]} e3 {[%emt 0:01:38]} 23. f4 {[%emt 0:01:33]} e2 {[%emt 0:01:17]} 24. Rd2 {[%emt 0:02:04]} Qe3 {[%emt 0:00:44]} 25. Rxd7 {[%emt 0:01:10]} Re8 {[%emt 0:00:51]} 26. Rd2 {[%emt 0:03:14]} Nf3+ {[%emt 0:01:02]} 27. Qxf3 {[%emt 0:00:09]} Qxf3 {[%emt 0:00:02]} 28. Rg1 {[%emt 0:01:32]} Qxf4 {[%emt 0:00:24]} 29. b3 {[%emt 0:01:08]} Qe3 {[%emt 0:01:47]} 30. Rg2 {[%emt 0:00:14]} Qxd2+ {[%emt 0:00:08]} 31. Kxd2 {[%emt 0:00:35]} e1=Q+ {[%emt 0:00:08]} 32. Kc2 {[%emt 0:00:11]} Qa1 {[%emt 0:00:35]} 33. Kd3 {[%emt 0:00:36]} Rd8+ {[%emt 0:00:17]} 0-1